Hansestadt - Sudden Death - Statistiken

Allgemein
  • Dieses Quiz wurde 182 mal gespielt
  • Das Durchschnittsergebnis liegt bei 4 aus 15
Answers on the Grid
Answers color-coded by a green-red scale on the quiz's grid according to % correct below.
Anklam
Braunschweig
Bremen
Bremerhaven
Buxtehude
Cuxhaven
Emden
Flensburg
Greifswald
Hamburg
Hameln
Helmstedt
Herford
Husum
Kiel
Lübeck
Lüneburg
Minden
Neubrandenburg
Oldenburg
Rostock
Salzwedel
Schwerin
Stade
Stendal
Stralsund
Uelzen
Wilhelmshaven
Wismar
Wittenberge
 
Antwortstatistiken
Antwort % Korrekt
Bremen
86%
Hamburg
69%
Lübeck
55%
Rostock
43%
Wismar
30%
Greifswald
27%
Stralsund
19%
Lüneburg
14%
Buxtehude
13%
Anklam
10%
Stade
10%
Stendal
8%
Uelzen
5%
Herford
3%
Salzwedel
2%
Keine übereinstimmenden Quizze gefunden
Verteilung der Resultate
Anzahl Personen mit jedem Resultat
Perzentil nach korrekt beantworteten Fragen
Ihre Resultats-Entwicklung
Sie haben dieses Quiz noch nicht gespielt